| 000 | 00566cam a22002051 4500 | ||
|---|---|---|---|
| 001 | 000011515 | ||
| 003 | DO-SdBNP | ||
| 005 | 20250908135500.0 | ||
| 008 | 750422s1971 bl 000 0 por | ||
| 010 | _a72314896 | ||
| 035 | _a(OCoLC)1293067 | ||
| 040 |
_aDO-SdBNP _bspa _cBNPHU |
||
| 100 | 1 |
_aMondelli, Jose. _927244 |
|
| 245 | 1 | 0 |
_aDentistica operatoria / _c José Mondelli |
| 260 |
_aSao Paulo : _bSarvier, _c1971. |
||
| 300 |
_a216 p. : _bilus. ; _c24 cm. |
||
| 504 | _aBibliografía: p. 215-216. | ||
| 650 | 0 |
_aCirugía dental _936564 |
|
| 942 |
_2ddc _cLBS1 |
||
| 999 |
_c11215 _d11215 |
||